NCAA Basketball Teams Starting with G - Statistics

General Stats
  • This quiz has been taken 39 times
  • The average score is 8 of 12
Answer Stats
Conference Team % Correct
SEC Georgia
100%
ACC Georgia Tech
97%
Big East Georgetown
84%
Sun Belt Georgia State
81%
Sun Belt Georgia Southern
78%
West Coast Gonzaga
78%
Atlantic 10 George Washington
69%
Southwestern Grambling State
69%
Atlantic 10 George Mason
66%
Mountain West Grand Canyon
53%
Big South Gardner-Webb
34%
Horizon League Green Bay
31%
No matching quizzes found
Score Distribution
Percent of People with Each Score
Percentile by Number Answered
Your Score History
You have not taken this quiz